000 00490nam a2200181Ia 4500
005 20250508161540.0
008 008 250505s9999 xx 000 0 eng d
037 _aTextual
040 _aFEDL
_beng
_cFEDL
041 _aeng
_2eng
084 _a409.54, GAN
_qFEDL
100 _aGandhi M K
245 0 _aLinguistic provinces
260 _aAhmedabad, India
_bNavjivan Prakashan Mandir
_c1954
300 _a15p.
942 _cTEXL
_h409.54, GAN
999 _c1370713
_d1370713